000 01118nam a22001457a 4500
003 NUST
005 20220819084239.0
082 _a355.0218, HAM
100 _aHammes, Colonel Thomas X.
_998160
245 _aOn war in the 21st century:
_bThe sling and the stone/
_cColonel Thomas X. Hammer, USMG
260 _aPakistan
_bSVC Book Club
300 _axiv, 321: pages
505 _aFour generations of warfare (Page-1), The first two generations of modern war (Page-16),Transition to third-generation warfare (Page-23),Changes in society (Page-32), Mao and the birth of fourth- generation war (Page-44), The vietnamese modification (Page-56), The sandinista refinement (Page-76), The intifada: civilians versus an Army (Page-89), The al-Aqsa intifada (Page-111), Al-Qaeda: a transnational enemy (Page-130), Afghanistan: a tribal network (Page-153), Irqa: high-tech versus fourth-generation (Page-172), Technology: not a panacea (Page-190), Characteristics of fourth-generation war (Page-207), Where to from here? (Page-224), Evaluating the threat (Page-246),The future is flexibility (Page-273).
942 _2ddc
_cBK
999 _c591232
_d591232